| 000 | nam a22 7a 4500 | ||
|---|---|---|---|
| 999 |
_c336593 _d336593 |
||
| 003 | IT-MiCISF | ||
| 005 | 20170410120215.0 | ||
| 008 | 170410b xxu||||| |||| 00| 0 eng d | ||
| 040 | _cIT-MiCISF | ||
| 041 | _ait | ||
| 100 |
_aSavagnone Giuseppe _956201 |
||
| 245 | _aIl gender spiegato a un marziano | ||
| 260 |
_aBologna _bEDB _c2016 |
||
| 300 | _app. 108 | ||
| 500 | _adifferenza-sessuale, società, cultura, madre-in-affitto, omosessualità | ||
| 520 | _aNell’attuale contesto di contrapposizione, spesso estremizzata, tra chi dipinge la teoria del gender in toni apocalittici, esasperandone unilateralmente alcuni aspetti, e chi ne nega addirittura l’esistenza, riconducendo il problema a un semplice rispetto dei diritti, il libro mostra l’inadeguatezza di entrambe le posizioni andando direttamente alle fonti, costituite sia dagli studi di gender, sia da documenti ufficiali. Per evitare di ridurre la persona e la sessualità alla caricatura sbandierata dagli ultraconservatori e per non limitare la riflessione alla sola questione dei diritti, il libro cerca di fare luce sul rapporto tra natura umana e cultura, sul significato della corporeità, sull’idea di uguaglianza, con particolare riferimento al problema della famiglia e della genitorialità. | ||
| 650 |
_asessualità _956091 |
||
| 654 | _asaggio | ||
| 942 |
_2ddc _cBK |
||